[Event "MPL-ch U20 50th"]
[Site "Gurugram"]
[Date "2022.03.11"]
[Round "5"]
[White "Rohit, S3333"]
[Black "Soham, Bhattacharyya"]
[Result "0-1"]
[WhiteElo "2276"]
[BlackElo "2004"]
[PlyCount "92"]
[EventDate "2022.03.09"]
[EventType "swiss"]
[EventRounds "9"]
[EventCountry "IND"]
[SourceTitle "CBM 207 Extra"]
[Source "ChessBase"]
[SourceDate "2022.05.31"]
[SourceVersion "1"]
[SourceVersionDate "2022.05.31"]
[SourceQuality "1"]

1. e4 c6 2. Nf3 d5 3. Nc3 Bg4 4. h3 Bxf3 5. Qxf3 e6 6. Be2 Bc5 7. 0-0 Ne7 8. Na4 Bd4 9. c3 Bf6 10. d4 dxe4 11. Qxe4 Nd7 12. Bd3 b5 13. Nc5 Nxc5 14. dxc5 Qd5 15. a4 Rd8 16. Bc2 Qxe4 17. Bxe4 b4 18. cxb4 Rd4 19. Re1 Rxb4 20. Bf4 Kd7 21. Bd6 Nd5 22. Re2 Be7 23. Bxd5 cxd5 24. Be5 Bf6 25. Bxf6 gxf6 26. Ra3 Rhb8 27. Rg3 Rxb2 28. Kf1 Rb1+ 29. Re1 e5 30. Rg7 Ke6 31. c6 d4 32. c7 Rxe1+ 33. Kxe1 Rc8 34. Rxh7 Rxc7 35. h4 Rc4 36. h5 Rxa4 37. h6 Ra1+ 38. Kd2 Rh1 39. Rh8 Kf5 40. g3 Rh2 41. Ke2 Ke4 42. Rh7 d3+ 43. Ke1 Rh1+ 44. Kd2 Rf1 45. Rxf7 Rxf2+ 46. Ke1 Ke3 0-1

[Event "MPL-ch U20 50th"]
[Site "Gurugram"]
[Date "2022.03.11"]
[Round "6"]
[White "Soham, Bhattacharyya"]
[Black "Ayush, Sharma1111"]
[Result "0-1"]
[WhiteElo "2004"]
[BlackElo "1312"]
[PlyCount "78"]
[EventDate "2022.03.09"]
[EventType "swiss"]
[EventRounds "9"]
[EventCountry "IND"]
[SourceTitle "CBM 207 Extra"]
[Source "ChessBase"]
[SourceDate "2022.05.31"]
[SourceVersion "1"]
[SourceVersionDate "2022.05.31"]
[SourceQuality "1"]

1. d4 Nf6 2. Bf4 d6 3. Nc3 Nbd7 4. Nf3 g6 5. e4 Bg7 6. Qd2 0-0 7. 0-0-0 a6 8. e5 Ne8 9. h4 c5 10. dxc5 Nxc5 11. h5 Bf5 12. hxg6 Bxg6 13. Nh4 Ne6 14. Bh6 Bxe5 15. f4 Bxc3 16. bxc3 Qa5 17. f5 Nf6 18. Re1 Qxa2 19. Qe2 Nc5 20. Qf3 Nd5 21. c4 Qa1+ 22. Kd2 Qd4+ 23. Bd3 Nb6 24. Ke2 d5 25. Be3 Qe5 26. Kf1 dxc4 27. Bf2 Qd6 28. Be2 a5 29. Qe3 Ncd7 30. Qh6 Nf6 31. Bxb6 Qxb6 32. Nxg6 fxg6 33. Bf3 Rf7 34. fxg6 Rg7 35. gxh7+ Kh8 36. Rh4 a4 37. Rf4 a3 38. Rxe7 Rxe7 39. g4 a2 0-1